[Event "Ruhrgebiet Verbandsliga Gruppe 2 1819"]
[Site "Nordrheinwestfalen"]
[Date "2019.03.24"]
[Round "8.6"]
[White "Rickert, Stefan"]
[Black "Huette, Stefan"]
[Result "1/2-1/2"]
[WhiteElo "1903"]
[BlackElo "2013"]
[PlyCount "45"]
[EventDate "2018.09.23"]
[EventType "team-tourn"]
[EventRounds "9"]
[EventCountry "GER"]
[SourceTitle "EXT 2022"]
[Source "ChessBase"]
[SourceDate "2021.10.06"]
[SourceVersion "1"]
[SourceVersionDate "2021.10.06"]
[SourceQuality "1"]
[WhiteTeam "Gladbeck SG"]
[BlackTeam "Essen Werden"]
[WhiteTeamCountry "GER"]
[BlackTeamCountry "GER"]

1. e4 e6 2. d4 d5 3. exd5 exd5 4. Bd3 Bd6 5. Nf3 Ne7 6. 0-0 Bg4 7. Re1 Nbc6 8. c3 Qd7 9. b4 Nd8 10. Bg5 f6 11. Bh4 Nf7 12. Nbd2 0-0-0 13. Bg3 Ng5 14. Be2 Bxf3 15. Bxf3 Bxg3 16. hxg3 Kb8 17. Nb3 b6 18. a4 h5 19. a5 h4 20. axb6 cxb6 21. Qe2 Rde8 22. g4 h3 23. g3 1/2-1/2

[Event "Ruhrgebiet Verbandsliga Gruppe 2 1718"]
[Site "Germany"]
[Date "2018.01.14"]
[Round "5.6"]
[White "Mainusch, Martin"]
[Black "Rickert, Stefan"]
[Result "1-0"]
[WhiteElo "1978"]
[BlackElo "1894"]
[PlyCount "81"]
[EventDate "2017.09.17"]
[EventType "team-tourn"]
[EventRounds "9"]
[EventCountry "GER"]
[SourceTitle "EXT 2022"]
[Source "ChessBase"]
[SourceDate "2021.10.06"]
[SourceVersion "1"]
[SourceVersionDate "2021.10.06"]
[SourceQuality "1"]
[WhiteTeam "Muelheim Nord III"]
[BlackTeam "Gladbeck SG"]
[WhiteTeamCountry "GER"]
[BlackTeamCountry "GER"]

1. Nf3 d5 2. g3 c5 3. Bg2 Nc6 4. 0-0 Nf6 5. d3 g6 6. Nbd2 Bg7 7. e4 0-0 8. Re1 Bg4 9. h3 Bd7 10. e5 Ne8 11. Nf1 Nc7 12. Bf4 Qc8 13. Kh2 Ne6 14. Qd2 Nxf4 15. gxf4 f6 16. Re2 Bh6 17. exf6 Qc7 18. Ng3 exf6 19. Qc3 Qd6 20. Qb3 Na5 21. Qa3 b6 22. f5 Bxf5 23. Nh4 Bd7 24. Rae1 Bf4 25. c4 Bc6 26. Re6 Qd8 27. Rxc6 Nxc6 28. Bxd5+ Kg7 29. Bxc6 Qd4 30. Kg2 Rac8 31. Bd5 Bxg3 32. fxg3 f5 33. Nf3 Qf6 34. Re6 Qf7 35. Qc3+ Kh6 36. Qc1+ Kg7 37. Qc3+ Kh6 38. Ne5 Qc7 39. Rc6 Qe7 40. Rxc8 Rxc8 41. Nf7+ 1-0

[Event "Ruhrgebiet Verbandsliga Gruppe 2 1718"]
[Site "Germany"]
[Date "2017.11.05"]
[Round "3.5"]
[White "Hufelschulte, Norbert"]
[Black "Rickert, Stefan"]
[Result "1/2-1/2"]
[WhiteElo "2021"]
[BlackElo "1911"]
[PlyCount "51"]
[EventDate "2017.09.17"]
[EventType "team-tourn"]
[EventRounds "9"]
[EventCountry "GER"]
[SourceTitle "EXT 2022"]
[Source "ChessBase"]
[SourceDate "2021.10.06"]
[SourceVersion "1"]
[SourceVersionDate "2021.10.06"]
[SourceQuality "1"]
[WhiteTeam "Hamm SV"]
[BlackTeam "Gladbeck SG"]
[WhiteTeamCountry "GER"]
[BlackTeamCountry "GER"]

1. d4 d5 2. Nf3 Nf6 3. c4 g6 4. cxd5 Nxd5 5. e4 Nb6 6. Be3 Bg7 7. Nc3 0-0 8. h3 N8d7 9. a4 a5 10. Qb3 e5 11. d5 Qe7 12. Be2 Nc5 13. Qa3 Nbd7 14. Nb5 b6 15. Nxc7 Rb8 16. Nd2 Qh4 17. g3 Qd8 18. Nb5 f5 19. f3 f4 20. Bf2 fxg3 21. Be3 g2 22. Rg1 Qh4+ 23. Kd1 Qxh3 24. Kc2 Ba6 25. Rae1 Rbc8 26. Kb1 1/2-1/2

[Event "Ruhrgebiet Verbandsliga Gruppe 2 1718"]
[Site "Germany"]
[Date "2017.09.17"]
[Round "1.4"]
[White "Rickert, Stefan"]
[Black "Mecklenburg, Roland"]
[Result "1/2-1/2"]
[WhiteElo "1911"]
[BlackElo "2010"]
[PlyCount "56"]
[EventDate "2017.09.17"]
[EventType "team-tourn"]
[EventRounds "9"]
[EventCountry "GER"]
[SourceTitle "EXT 2022"]
[Source "ChessBase"]
[SourceDate "2021.10.06"]
[SourceVersion "1"]
[SourceVersionDate "2021.10.06"]
[SourceQuality "1"]
[WhiteTeam "Gladbeck SG"]
[BlackTeam "Recklinghausen Sued"]
[WhiteTeamCountry "GER"]
[BlackTeamCountry "GER"]

1. c4 e5 2. Nc3 Nc6 3. g3 Bb4 4. Bg2 Bxc3 5. bxc3 d6 6. d3 h6 7. e4 Nf6 8. f4 Qe7 9. Nf3 Bg4 10. 0-0 Qd7 11. f5 Bxf3 12. Bxf3 Na5 13. Be3 b6 14. Qe2 Qc6 15. Rad1 Qa4 16. Kh1 Nb7 17. Qb2 Nd7 18. Rb1 Qa5 19. Qb5 Qxb5 20. Rxb5 Ke7 21. g4 f6 22. Rg1 Rag8 23. Rb2 Nbc5 24. Be2 g5 25. Kg2 Rb8 26. Kf2 a5 27. Rbb1 Na4 28. Bd2 Nac5 1/2-1/2

[Event "Ruhrgebiet Verbandsliga Gruppe 2 1617"]
[Site "Germany"]
[Date "2017.04.30"]
[Round "9.5"]
[White "Foerster, Wolfgang"]
[Black "Rickert, Stefan"]
[Result "1/2-1/2"]
[WhiteElo "1956"]
[BlackElo "1902"]
[PlyCount "23"]
[EventDate "2016.09.04"]
[EventType "team-tourn"]
[EventRounds "9"]
[EventCountry "GER"]
[SourceTitle "EXT 2022"]
[Source "ChessBase"]
[SourceDate "2021.10.06"]
[SourceVersion "1"]
[SourceVersionDate "2021.10.06"]
[SourceQuality "1"]
[WhiteTeam "Sodingen/Castrop SK II"]
[BlackTeam "Gladbeck SG"]
[WhiteTeamCountry "GER"]
[BlackTeamCountry "GER"]

1. e4 c5 2. Nc3 Nc6 3. g3 g6 4. Bg2 Bg7 5. d3 e6 6. Be3 b6 7. Qd2 Bb7 8. h4 d5 9. exd5 Nb4 10. Nf3 Nxd5 11. Bg5 Qd7 12. 0-0 1/2-1/2

[Event "Ruhrgebiet Verbandsliga Gruppe 1 1415"]
[Site "Germany"]
[Date "2015.03.01"]
[Round "7.6"]
[White "Bracht, Michael"]
[Black "Rickert, Stefan"]
[Result "0-1"]
[WhiteElo "1937"]
[BlackElo "1906"]
[PlyCount "62"]
[EventDate "2014.09.21"]
[EventType "team-tourn"]
[EventRounds "9"]
[EventCountry "GER"]
[SourceTitle "EXT 2022"]
[Source "ChessBase"]
[SourceDate "2021.10.06"]
[SourceVersion "1"]
[SourceVersionDate "2021.10.06"]
[SourceQuality "1"]
[WhiteTeam "Brambauer"]
[BlackTeam "Gladbeck SG"]
[WhiteTeamCountry "GER"]
[BlackTeamCountry "GER"]

1. d4 f5 2. Nf3 Nf6 3. g3 e6 4. Bg2 d5 5. 0-0 g6 6. Nbd2 Bg7 7. Ne5 0-0 8. c4 c6 9. e3 Nbd7 10. Nd3 Ne4 11. Qb3 Nb6 12. cxd5 Nxd2 13. Bxd2 exd5 14. Ba5 Bf6 15. Nc5 Qc7 16. Na4 Bd8 17. Rac1 Qf7 18. Nxb6 Bxb6 19. Bxb6 axb6 20. Qxb6 Rxa2 21. Ra1 Rxa1 22. Rxa1 g5 23. f4 Qe7 24. Re1 h6 25. Kf2 Re8 26. Qa5 Kg7 27. Bf3 b6 28. Qc3 Bb7 29. Ra1 Kg6 30. Qd3 h5 31. fxg5 Qxg5 0-1

[Event "Ruhrgebiet Verbandsliga Gruppe 1 1415"]
[Site "Germany"]
[Date "2014.12.14"]
[Round "4"]
[White "Rickert, Stefan"]
[Black "Steinke, Matthias"]
[Result "1/2-1/2"]
[WhiteElo "1906"]
[BlackElo "1886"]
[PlyCount "50"]
[EventDate "2014.09.21"]
[EventType "team-tourn"]
[EventRounds "9"]
[EventCountry "GER"]
[SourceTitle "EXT 2022"]
[Source "ChessBase"]
[SourceDate "2021.10.06"]
[SourceVersion "1"]
[SourceVersionDate "2021.10.06"]
[SourceQuality "1"]
[WhiteTeam "Gladbeck SG"]
[BlackTeam "Gerthe Werne"]
[WhiteTeamCountry "GER"]
[BlackTeamCountry "GER"]

1. e4 e6 2. d4 d5 3. exd5 exd5 4. c4 c6 5. Nc3 Nf6 6. Bg5 Be7 7. Bd3 Be6 8. b3 h6 9. Be3 Bd6 10. Nf3 0-0 11. 0-0 Nbd7 12. c5 Bc7 13. b4 Re8 14. a4 Bg4 15. h3 Bh5 16. Be2 Ne4 17. Nxe4 Rxe4 18. Re1 Nf6 19. Qc1 Re6 20. Ra3 Ne4 21. Bf4 Bxf4 22. Qxf4 Qf6 23. Qxf6 Nxf6 24. g4 Bg6 25. Ne5 Rae8 1/2-1/2

[Event "Ruhrgebiet Verbandsliga Gruppe 1 1415"]
[Site "Germany"]
[Date "2014.09.21"]
[Round "1"]
[White "Gajda, Peter"]
[Black "Rickert, Stefan"]
[Result "0-1"]
[WhiteElo "1796"]
[BlackElo "1906"]
[PlyCount "138"]
[EventDate "2014.09.21"]
[EventType "team-tourn"]
[EventRounds "9"]
[EventCountry "GER"]
[SourceTitle "EXT 2022"]
[Source "ChessBase"]
[SourceDate "2021.10.06"]
[SourceVersion "1"]
[SourceVersionDate "2021.10.06"]
[SourceQuality "1"]
[WhiteTeam "Kirchhellen SF"]
[BlackTeam "Gladbeck SG"]
[WhiteTeamCountry "GER"]
[BlackTeamCountry "GER"]

1. d4 d5 2. Nf3 Nf6 3. g3 g6 4. Bg2 Bg7 5. 0-0 b6 6. c4 Bb7 7. Nc3 e6 8. Bf4 c6 9. cxd5 Nxd5 10. Bg5 f6 11. Nxd5 exd5 12. Bd2 0-0 13. Qc1 Re8 14. Re1 Nd7 15. Bh6 Bh8 16. h4 Qe7 17. Qd2 Rac8 18. Rac1 Bg7 19. Bh3 Bxh6 20. Qxh6 f5 21. h5 Qg7 22. Qxg7+ Kxg7 23. hxg6 hxg6 24. g4 Kf6 25. Kg2 Ba6 26. Rc2 Re4 27. g5+ Ke7 28. e3 Kd6 29. Nd2 Rh4 30. Nf3 Rh5 31. Kg3 Rch8 32. Bf1 Bxf1 33. Rxf1 c5 34. Rcc1 Nf8 35. Rg1 Ne6 36. Ne5 Rxg5+ 37. Kf3 Rh3+ 38. Ke2 Rxg1 39. Rxg1 cxd4 40. Nxg6 dxe3 41. fxe3 Rh2+ 42. Kd3 Rxb2 43. Rf1 Rxa2 44. Rxf5 Ra3+ 45. Kd2 Ra2+ 46. Kc3 Ra4 47. Rf6 Re4 48. Kd2 a5 49. Nf4 d4 50. Ng2 Kc5 51. Kd3 Re5 52. exd4+ Nxd4 53. Ne3 Re6 54. Rf8 b5 55. Rd8 Nc6 56. Rc8 Rd6+ 57. Kc3 b4+ 58. Kb2 Rd2+ 59. Nc2 a4 60. Kc1 Rd6 61. Kb2 Kb5 62. Ra8 Rh6 63. Kb1 Kc4 64. Rc8 b3 65. Ne3+ Kd3 66. Ng4 Rh1+ 67. Kb2 Rh4 68. Nf6 Rh2+ 69. Kc1 a3 0-1

[Event "NRW Verbandsliga Group1 1314"]
[Site "Nordrheinwestfalen"]
[Date "2013.11.24"]
[Round "4.4"]
[White "Voigt, Felix"]
[Black "Rickert, Stefan"]
[Result "1-0"]
[WhiteElo "2032"]
[BlackElo "1946"]
[PlyCount "61"]
[EventDate "2013.09.08"]
[EventType "team-tourn"]
[EventRounds "9"]
[EventCountry "GER"]
[SourceTitle "EXT 2020"]
[Source "ChessBase"]
[SourceDate "2019.10.17"]
[SourceVersion "1"]
[SourceVersionDate "2019.10.17"]
[SourceQuality "1"]
[WhiteTeam "Dortmund FS 98"]
[BlackTeam "Gladbeck SG"]
[WhiteTeamCountry "GER"]
[BlackTeamCountry "GER"]

1. c4 g6 2. g3 Bg7 3. Bg2 Nf6 4. Nc3 0-0 5. d3 c5 6. a3 Nc6 7. Rb1 d6 8. b4 e6 9. Nf3 d5 10. 0-0 Nd7 11. cxd5 Bxc3 12. dxc6 bxc6 13. Qc2 cxb4 14. axb4 Bf6 15. Qxc6 Rb8 16. Be3 Bb7 17. Qa4 Nb6 18. Qxa7 Nd5 19. Bd2 Qd7 20. Qa3 Ra8 21. Qb3 Nb6 22. Ne1 Nd5 23. Nf3 Nb6 24. Ng5 Nd5 25. Ne4 Be7 26. Nc5 Bxc5 27. bxc5 Bc6 28. Bh6 Rfc8 29. Qb2 f5 30. Qe5 Bb7 31. Rxb7 1-0

[Event "Ruhrgebiet Verbandsliga2 1112"]
[Site "Nordrheinwestfalen"]
[Date "2012.03.25"]
[Round "8"]
[White "Rickert, Stefan"]
[Black "Mackowiak, Sascha"]
[Result "1/2-1/2"]
[WhiteElo "1947"]
[BlackElo "1854"]
[PlyCount "42"]
[EventDate "2011.09.18"]
[EventType "team-tourn"]
[EventRounds "9"]
[EventCountry "GER"]
[SourceTitle "EXT 2020"]
[Source "ChessBase"]
[SourceDate "2019.10.17"]
[SourceVersion "1"]
[SourceVersionDate "2019.10.17"]
[SourceQuality "1"]
[WhiteTeam "Gladbeck SG"]
[BlackTeam "Bochum SV II"]
[WhiteTeamCountry "GER"]
[BlackTeamCountry "GER"]

1. e4 e6 2. d4 d5 3. e5 c5 4. c3 Qb6 5. f4 Nc6 6. Nf3 cxd4 7. cxd4 Nh6 8. Nc3 Nf5 9. Bb5 Bd7 10. Bxc6 Bxc6 11. g4 Ne7 12. 0-0 h5 13. h3 hxg4 14. hxg4 0-0-0 15. Ng5 Be8 16. Na4 Qb4 17. Nc5 Nc6 18. Nb3 Kb8 19. Qd3 Qb6 20. Be3 Nb4 21. Qd2 f6 1/2-1/2

[Event "Ruhrgebiet Verbandsliga2 1112"]
[Site "Nordrheinwestfalen"]
[Date "2011.09.18"]
[Round "1.4"]
[White "Hufelschulte, Norbert"]
[Black "Rickert, Stefan"]
[Result "1/2-1/2"]
[WhiteElo "2034"]
[BlackElo "1947"]
[PlyCount "20"]
[EventDate "2011.09.18"]
[EventType "team-tourn"]
[EventRounds "9"]
[EventCountry "GER"]
[SourceTitle "EXT 2020"]
[Source "ChessBase"]
[SourceDate "2019.10.17"]
[SourceVersion "1"]
[SourceVersionDate "2019.10.17"]
[SourceQuality "1"]
[WhiteTeam "Hamm SVg"]
[BlackTeam "Gladbeck SG"]
[WhiteTeamCountry "GER"]
[BlackTeamCountry "GER"]

1. d4 g6 2. e4 Bg7 3. Nf3 d6 4. c4 Nf6 5. Nc3 0-0 6. Be2 c6 7. 0-0 Qc7 8. Re1 e5 9. d5 Nbd7 10. Nd2 a5 1/2-1/2

[Event "Ruhrgebiet Regionalliga 0708"]
[Site "Germany"]
[Date "2008.03.16"]
[Round "7.4"]
[White "Seepe, Udo"]
[Black "Rickert, Stefan"]
[Result "1/2-1/2"]
[WhiteElo "2235"]
[BlackElo "1957"]
[PlyCount "32"]
[EventDate "2007.09.16"]
[EventType "team-tourn"]
[EventRounds "9"]
[EventCountry "GER"]
[SourceTitle "EXT 2009"]
[Source "ChessBase"]
[SourceDate "2008.11.26"]
[SourceVersion "1"]
[SourceVersionDate "2008.11.26"]
[SourceQuality "1"]
[WhiteTeam "Kamen"]
[BlackTeam "Gladbeck SG"]
[WhiteTeamCountry "GER"]
[BlackTeamCountry "GER"]

1. c4 e5 2. g3 Nf6 3. Bg2 d5 4. cxd5 Nxd5 5. Nc3 Nxc3 6. bxc3 Bc5 7. Nf3 Nc6 8. Rb1 0-0 9. 0-0 e4 10. Ne1 Re8 11. d4 exd3 12. exd3 Bb6 13. d4 Bf5 14. Rb5 Qd7 15. Rd5 Qe6 16. Be3 Rad8 1/2-1/2

[Event "Ruhrgebiet Regionalliga 0708"]
[Site "Germany"]
[Date "2007.11.02"]
[Round "2.5"]
[White "Wagner, Ralf"]
[Black "Rickert, Stefan"]
[Result "1-0"]
[WhiteElo "2084"]
[BlackElo "1942"]
[PlyCount "74"]
[EventDate "2007.09.16"]
[EventType "team-tourn"]
[EventRounds "9"]
[EventCountry "GER"]
[SourceTitle "EXT 2009"]
[Source "ChessBase"]
[SourceDate "2008.11.26"]
[SourceVersion "1"]
[SourceVersionDate "2008.11.26"]
[SourceQuality "1"]
[WhiteTeam "Ahlen"]
[BlackTeam "Gladbeck SG"]
[WhiteTeamCountry "GER"]
[BlackTeamCountry "GER"]

1. e4 c5 2. Nf3 Nc6 3. Bb5 d6 4. 0-0 g6 5. d3 Bg7 6. Nc3 a6 7. Bxc6+ bxc6 8. Re1 e5 9. h3 Ne7 10. Ne2 0-0 11. Nh2 f5 12. f3 Rb8 13. b3 d5 14. Ng3 Be6 15. Ba3 Qa5 16. exf5 Nxf5 17. Nxf5 Bxf5 18. Bb2 Rfe8 19. Nf1 Rb7 20. Ne3 Rbe7 21. Qc1 Bh6 22. Qd1 Qb4 23. Qe2 e4 24. Nxf5 gxf5 25. fxe4 dxe4 26. Qh5 Bg7 27. Bxg7 Kxg7 28. Qg5+ Kh8 29. Qf6+ Kg8 30. c3 Qa5 31. Qxf5 Qxc3 32. dxe4 Qd4+ 33. Kh1 Re5 34. Qf3 Rf8 35. Qg3+ Kh8 36. Rad1 Qb2 37. Rb1 Qd4 1-0

[Event "Ruhrgebiet Regionalliga 0405"]
[Site "Ruhrgebiet"]
[Date "2005.03.20"]
[Round "8.3"]
[White "Schippan, Bernhard"]
[Black "Rickert, Stefan"]
[Result "1-0"]
[WhiteElo "2168"]
[BlackElo "2004"]
[PlyCount "57"]
[EventDate "2004.09.19"]
[EventType "team-tourn"]
[EventRounds "9"]
[EventCountry "GER"]
[SourceTitle "EXT 2006"]
[Source "ChessBase"]
[SourceDate "2005.11.24"]
[SourceVersion "1"]
[SourceVersionDate "2005.11.24"]
[SourceQuality "1"]
[WhiteTeam "Herne Sodingen"]
[BlackTeam "Gladbeck SG"]
[WhiteTeamCountry "GER"]
[BlackTeamCountry "GER"]

1. e4 c5 2. Nf3 Nc6 3. c3 d5 4. exd5 Qxd5 5. d4 cxd4 6. cxd4 Bg4 7. Nc3 Qa5 8. d5 Ne5 9. Bb5+ Nd7 10. 0-0 a6 11. Bxd7+ Bxd7 12. Ne5 Nf6 13. Bg5 Rd8 14. Re1 h6 15. Bxf6 gxf6 16. Nc4 Qc7 17. Ne4 Bg7 18. d6 exd6 19. Qxd6 Qxd6 20. Nexd6+ Kf8 21. Nxb7 Rb8 22. Nc5 Bb5 23. a4 Be8 24. Nxa6 Rd8 25. b4 f5 26. Ra3 Bd4 27. b5 Bd7 28. Rd3 Be6 29. Red1 1-0